| 000 | 01047cab a2200289 4500 | ||
|---|---|---|---|
| 001 | ABS54694 | ||
| 008 | 090401t1996 xxu||||| |||| 00| 0 eng d | ||
| 035 | _a(Sirsi) u11824 | ||
| 041 | _aeng | ||
| 100 | _aPyhrr, S.A. | ||
| 245 | _aReal property valuation in a changing economic and market cycle | ||
| 260 | _c1996 | ||
| 350 | _a0 | ||
| 490 |
_aAppraisal Journal _v64(1) January 1996, 14-25(12) |
||
| 520 | _aEvaluates links between urban economic cycles, real estate supply and demand cycles, construction cycles and property life cycles noting effects on cashflow variables and impact on estimates of market value. Compares cycle valuation model with traditional methods. | ||
| 650 | _aMARKET VALUE | ||
| 650 | _aMODELLING | ||
| 650 | _aPROPERTY CYCLES | ||
| 650 | _aSUPPLY AND DEMAND | ||
| 650 | _aUNITED STATES | ||
| 650 | _aVALUATION ISSUES | ||
| 690 | _aPROPERTY-COMMERCIAL PROPERTY-COMMERCIAL PROPERTY APPRAISAL AND VALUATION | ||
| 700 | _aBorn, W.L. | ||
| 700 | _aRobinson, R.R. | ||
| 942 | _n0 | ||
| 948 | _c04/03/1997 | ||
| 999 |
_c7550 _d7550 |
||